000 00976 a2200217 4500
003 Nust
005 20221201090552.0
010 _a 77023259
020 _a0070286159 :
040 _cNust
082 0 0 _a535.842,DEC
100 1 _aDecius, J. C.
_9103851
245 1 0 _aMolecular vibrations in crystals /
_cJohn Courtney Decius and Robert Maurice Hexter.
260 _aNew York :
_bMcGraw-Hill,
_cc1977.
300 _axii, 391 p. :
_bill. ;
_c25 cm.
505 _aChapter 1, Introduction (Page-1), Chapter 2, Symmetry and normal Vibrations of isolated molecules (Page-15), Chapter 3, Vibrations of a Linear Lattice (Page-75), Chapter 4, Vibration of crystals composed of monatomic units (Page-101), Chapter 5,Optical Properties of Single Crystals (Page-179), Chapter 6, Molecular Crystals (Page-218).
650 0 _aCrystals
_xSpectra.
_9103852
650 0 _aVibrational spectra.
_9103853
700 1 _aHexter, Robert Maurice,
_d1925-
_9103854
942 _2ddc
_cBK
_k535.842,DEC
999 _c183965
_d183965